000 00906nam a2200217Ia 4500
001 19435
003 GE_BSU
008 181216s||||||||xx |||||||||||||| ||und||
040 _cGE_BSU
080 _a81'(063)
245 _aიბერიულ-კავკასიური ენათმეცნიერება VIII иберийско-кавказское языкознание=IVERO-CAUCASIA
245 _cრედ:ქ.ლომთათიძე
260 _aთბილისი
260 _bსაქართველოს მეცნიერებათა აკადემიის გამომცემლობა
260 _c1956
300 _a531გვ;.26სმ.
541 _h5ლ.52თ.
653 _aიბერიულ-კავკასიური ენათმეცნიერება VIII
653 _aქართული ენა
942 _cBK
999 _c52414
_d52414